MySQL/PHP database applications

Uloženo v:
Podrobná bibliografie
Hlavní autor: Brad Bulger
Médium: Kniha
Jazyk:Undetermined
Vydáno: Indianapolis, IN John Wiley and Sons 2004
Témata:
Tagy: Přidat tag
Žádné tagy, Buďte první, kdo otaguje tento záznam!
Thư viện lưu trữ: Trung tâm Học liệu Trường Đại học Cần Thơ
LEADER 00526nam a2200169Ia 4500
001 CTU_58124
008 210402s9999 xx 000 0 und d
082 |a 005.74 
082 |b B933 
100 |a Brad Bulger 
245 0 |a MySQL/PHP database applications 
245 0 |c Brad Bulger, Jay Greenspan and David Wall 
260 |a Indianapolis, IN 
260 |b John Wiley and Sons 
260 |c 2004 
650 |a database applications,database design,database management 
980 |a Trung tâm Học liệu Trường Đại học Cần Thơ